Návrhy na optimalizácie nákladov súvisiacich so zabezpečením povinností zamestnávateľa v súvislosti s cestovnými náhradami zamestnancov v podnikateľskej účtovnej jednotke z daňového a účtovného hľadiska v podmienkach SR bakalárska práca

Salvato in:
Dettagli Bibliografici
Autore principale: Kohútová, Martina
Ente Autore: Fakulta hospodárskej informatiky EU. Katedra účtovníctva a audítorstva
Altri autori: Vašeková, Miroslava, 1978-
Natura: Libro
Lingua:slovacco
Pubblicazione: Bratislava 2025
Tags: Aggiungi Tag
Nessun Tag, puoi essere il primo ad aggiungerne!!

MARC

LEADER 00000nbm a2200000 4500
001 0312306
005 20251204105239.8
041 0 |a slo 
044 |a SK 
245 1 0 |a Návrhy na optimalizácie nákladov súvisiacich so zabezpečením povinností zamestnávateľa v súvislosti s cestovnými náhradami zamestnancov v podnikateľskej účtovnej jednotke z daňového a účtovného hľadiska v podmienkach SR  |b bakalárska práca  |c Martina Kohútová ; školiteľ: Miroslava Vašeková 
264 1 |a Bratislava  |c 2025 
300 |a 41 s. 
100 1 |a Kohútová, Martina 
700 1 |a Vašeková, Miroslava, 1978- 
710 2 |a Fakulta hospodárskej informatiky EU. Katedra účtovníctva a audítorstva